| 000 | 00572nam a22002177a 4500 | ||
|---|---|---|---|
| 999 |
_c7675 _d7675 |
||
| 003 | Ost | ||
| 005 | 20200327155357.0 | ||
| 008 | 200327b ||||| |||| 00| 0 eng d | ||
| 020 | _a8121905001 | ||
| 040 | _cBT-PhCST | ||
| 050 | _a3580 | ||
| 082 |
_222 _a624 _bVAZ |
||
| 100 | _aVazirani, V. N. | ||
| 245 | _a Concise handbook of civil engineering / | ||
| 250 | _a3rd rev. ed. | ||
| 260 |
_aNew Delhi : _bS. Chand & Company Ltd., _cc1999. |
||
| 300 |
_aviii, 1045 p. : _bill. ; _c24 cm. |
||
| 500 | _aIncludes index. | ||
| 700 | _aChandola, S. P. | ||
| 942 |
_2ddc _cCIVIL |
||